Handbook of hydrocolloids /
Guardado en:
| Otros Autores: | , |
|---|---|
| Formato: | Libro |
| Idioma: | English |
| Publicado: |
Boca Raton, FL :
CRC Press,
2000.
|
| Materias: | |
| Acceso en línea: | Descripción |
| Etiquetas: |
Agregar Etiqueta
Sin Etiquetas, Sea el primero en etiquetar este registro!
|
| LEADER | 01019cam a22002775a 4500 | ||
|---|---|---|---|
| 001 | EIQ.libpla002521 | ||
| 008 | 000410s2000####flua#####bf###001#0#eng#d | ||
| 005 | 20070627155730.0 | ||
| 245 | 0 | 0 | |a Handbook of hydrocolloids / |c edited by G.O. Phillips, P.A. Williams. |
| 260 | |a Boca Raton, FL : |b CRC Press, |c 2000. | ||
| 300 | |a xxii, 450 p. : |b il., fotos ; |c 25 cm. | ||
| 504 | |a Incluye referencias bibliográfica e índice. | ||
| 020 | |a 084930850X (alk.) | ||
| 700 | 1 | |a Phillips, Glyn O., |e ed. |4 edt | |
| 700 | 1 | |a Williams, Peter A., |e ed. |4 edt | |
| 082 | 0 | 0 | |a 664/.06 |2 21 |
| 650 | 4 | |a Alimento |x Aditivos. | |
| 650 | 4 | |a Alimento |x Hidrocoloides. | |
| 650 | 4 | |a Hidrocoloides |x Handbooks, manuales, etc. | |
| 650 | 4 | |a Hydrocolloids |x Handbooks, manuals, etc. | |
| 650 | 4 | |a Food |x Hydrocolloids. | |
| 650 | 4 | |a Food |x Additives. | |
| 010 | |a 00030421 | ||
| 040 | |a DLC |c DLC |d AR-BbSID | ||
| 856 | 4 | 2 | |3 Descripción |u http://www.loc.gov/catdir/enhancements/fy0646/00030421-d.html |
| 859 | |a AR-BbSID |b BIB. PLAPIQUI |h 664.26 |i H 191 |p 5481 | ||
